MARC

LEADER 00000nam0a2200000 4500
001 96569
005 20231101214057.0
035 |a (RuTPU)RU\TPU\book\103398 
090 |a 96569 
100 |a 20060516d1987 k y0rusy50 ca 
101 0 |a rus 
102 |a RU 
105 |a a z 001zy 
200 1 |a Оптимальное управление разрывными системами  |f Л. Т. Ащепков 
210 |a Новосибирск  |c Наука  |d 1987 
215 |a 226 с.  |c ил. 
320 |a Библиогр.: с. 220-226. 
606 |a Оптимальные процессы  |x Математическая теория  |x (автоматика)  |2 stltpush  |3 (RuTPU)RU\TPU\subj\47190  |9 66250 
610 1 |a математическая теория 
610 1 |a разрывные системы 
610 1 |a оптимальные процессы 
675 |a 681.51.01:517  |v 3 
700 1 |a Ащепков  |b Л. Т.  |g Леонид Тимофеевич 
801 1 |a RU  |b 63413507  |c 20060516  |g PSBO 
801 2 |a RU  |b 63413507  |c 20180305  |g PSBO 
942 |c BK